00961cam a2200241 i 4500003000400000005001700004008004100021020001500062040000800077050002100085060002000106100002300126245013100149260004800280300005300328500018200381650004000563650004000603650001300643650001900656650002400675650002000699OSt20210707104102.0800305s1980 mdu 000 0 eng  a0839115970 cDLC00aRC425b.H58 1980 aWM475 H734c (P)1 aHolland, Audrey L.10aCADL communicative abilities in daily living :ba test of functional communication for aphasic adults /cby Audrey L. Holland. aBaltimore :bUniversity Park Press,cc1980. ax, 117 p. ;c28 cm. +e1 sound cassette (analog) aAccompanied by CADL administration booklet (40 leaves), 10 16-page score booklets, prescription envelope, pad of appointment cards, pad of patient forms, and audiotape cassette. 0aAphasic personsxLanguagexTesting. 0aCommunicative disordersxDiagnosis. 2aAphasia. 2aCommunication. 2aLanguage disorders. 2aLanguage tests.